[Event "Pan American-ch U18 Girls"]
[Site "Cali"]
[Date "2015.07.02"]
[Round "7"]
[White "Solis Carbajal, Minueth Si"]
[Black "Ruiz, Mishell"]
[Result "0-1"]
[WhiteElo "1562"]
[BlackElo "1674"]
[PlyCount "64"]
[EventDate "2015.06.28"]
[EventType "swiss"]
[EventRounds "9"]
[EventCountry "COL"]
[SourceTitle "EXT 2016"]
[Source "ChessBase"]
[SourceDate "2015.10.08"]
[SourceVersion "1"]
[SourceVersionDate "2015.10.08"]
[SourceQuality "1"]

1. e4 g6 2. Nc3 Bg7 3. Bc4 d6 4. f4 c6 5. d3 b5 6. Bb3 Nf6 7. a3 Qb6 8. h3 a5 9. a4 Bb7 10. Qe2 b4 11. Nb1 Nfd7 12. Ra2 c5 13. Be3 Nc6 14. Nf3 Ba6 15. Nbd2 Rc8 16. Nc4 Qc7 17. Qf2 Nb6 18. 0-0 Nxc4 19. Bxc4 Bxc4 20. dxc4 0-0 21. b3 Rfe8 22. g4 e6 23. Kh1 Qb7 24. Qg2 Ne7 25. Nh4 f5 26. exf5 Qxg2+ 27. Nxg2 exf5 28. Rd1 Rcd8 29. Bc1 d5 30. Be3 dxc4 31. Rxd8 Rxd8 32. Bxc5 Rd7 0-1

[Event "Pan American-ch U18 Girls"]
[Site "Cali"]
[Date "2015.06.30"]
[Round "4"]
[White "Cespedes Galindo, Estefania"]
[Black "Solis Carbajal, Minueth Si"]
[Result "0-1"]
[WhiteElo "1763"]
[BlackElo "1562"]
[PlyCount "58"]
[EventDate "2015.06.28"]
[EventType "swiss"]
[EventRounds "9"]
[EventCountry "COL"]
[SourceTitle "EXT 2016"]
[Source "ChessBase"]
[SourceDate "2015.10.08"]
[SourceVersion "1"]
[SourceVersionDate "2015.10.08"]
[SourceQuality "1"]

1. d4 Nf6 2. Nf3 g6 3. c4 Bg7 4. Nc3 d6 5. e4 0-0 6. Be3 e5 7. d5 Ne8 8. Qd2 f5 9. Bh6 f4 10. Bxg7 Nxg7 11. 0-0-0 a5 12. h4 h6 13. Be2 Na6 14. Rdg1 Bd7 15. g3 Be8 16. Rg2 Qf6 17. Nh2 h5 18. g4 Qxh4 19. Qd1 Nc5 20. Nf3 Qf6 21. gxh5 gxh5 22. Rhg1 Rf7 23. Rg6 Qe7 24. R1g5 Bd7 25. Rxh5 Rf6 26. Qg1 Be8 27. Rh8+ Kxh8 28. Qh2+ Kg8 29. Ng5 Bxg6 0-1

[Event "Pan American-ch U16 Girls"]
[Site "Oaxtepec"]
[Date "2014.07.11"]
[Round "1"]
[White "Solis Carbajal, Minueth Si"]
[Black "Dominguez, Laura Lucia"]
[Result "0-1"]
[WhiteElo "1544"]
[BlackElo "2009"]
[PlyCount "70"]
[EventDate "2014.07.11"]
[EventType "swiss"]
[EventRounds "9"]
[EventCountry "MEX"]
[SourceTitle "EXT 2022"]
[Source "ChessBase"]
[SourceDate "2021.10.06"]
[SourceVersion "1"]
[SourceVersionDate "2021.10.06"]
[SourceQuality "1"]

1. e4 c5 2. Nc3 Nc6 3. Bc4 g6 4. f4 Bg7 5. Nf3 e6 6. 0-0 Nge7 7. e5 d5 8. exd6 Nf5 9. d3 Nxd6 10. Bb3 0-0 11. Qe1 Nd4 12. Nxd4 cxd4 13. Ne4 b6 14. Bd2 a5 15. a4 Bb7 16. Nxd6 Qxd6 17. Bc4 Rac8 18. Rc1 Qc6 19. Rf3 Qxa4 20. Rh3 Qc6 21. Qg3 Rfe8 22. Ba2 Red8 23. f5 exf5 24. Bg5 Re8 25. Bh6 Be5 26. Qf2 Bh8 27. Rg3 Qd7 28. h4 Bd5 29. Bxd5 Qxd5 30. h5 Bg7 31. Bxg7 Kxg7 32. hxg6 hxg6 33. Rf1 Qe5 34. Qxf5 Qxg3 35. Qxf7+ Kh6 0-1

[Event "Wch U16 Girls"]
[Site "Al Ain"]
[Date "2013.??.??"]
[Round "4"]
[White "Hiebler, Laura"]
[Black "Solis Carbajal, Minueth Si"]
[Result "1-0"]
[WhiteElo "1840"]
[BlackElo "1602"]
[PlyCount "33"]
[EventDate "2013.12.18"]
[EventType "swiss"]
[EventRounds "11"]
[EventCountry "UAE"]
[SourceTitle "CBM 158 Extra"]
[Source "ChessBase"]
[SourceDate "2014.02.28"]
[SourceVersion "1"]
[SourceVersionDate "2014.02.28"]
[SourceQuality "1"]

1. c4 e5 2. Nc3 c6 3. Nf3 d6 4. d4 f6 5. e4 g6 6. Be2 Bg7 7. 0-0 Ne7 8. b3 0-0 9. Be3 exd4 10. Nxd4 c5 11. Ndb5 f5 12. Rc1 a6 13. Nxd6 Bd4 14. Nxc8 Qxc8 15. Nd5 Qd8 16. Nxe7+ Qxe7 17. Bxd4 1-0